[Event "World op"]
[Site "Philadelphia"]
[Date "1995.??.??"]
[Round "5"]
[White "Ibragimov, Ildar"]
[Black "Costigan, Richard"]
[Result "1/2-1/2"]
[WhiteElo "2580"]
[BlackElo "2295"]

1.d4 c5 2.d5 e5 3.e4 d6 4.Nc3 Ne7 5.Nf3 Ng6 6.g3 Be7 7.Bg2 O-O 8.O-O Na6
9.Nd2 Nc7 10.a4 b6 11.Rb1 Rb8 12.Re1 Bd7 13.Nc4 a6 14.Ne3 Qc8 15.Bd2 b5 16.axb5 axb5
17.b4 c4 18.Qh5 Ne8 19.Nf5 Bd8 20.Qf3 Ne7 21.g4 f6 22.h4 g6 23.Nh6+ Kh8 24.Qg3 Ng8
25.Bh3 Ng7 26.Kh2 Bb6 27.Nxg8 Rxg8 28.f4 Bd4 29.Ne2 exf4 30.Bxf4 Be5 31.Bxe5 fxe5
32.Rf1 Rf8 33.Rxf8+ Qxf8 34.Rf1 Qe7 35.Qf2 Kg8 36.Nc3 Ra8 37.Qf6 Qxf6 38.Rxf6 Ne8
39.Rf3 Nc7 40.g5 Bxh3 41.Rxh3 Rf8 42.Kg2 Rf4 43.Rh1 Kf8 44.Ra1 Ke7 45.Kg3 Kd7
46.Ra5 Kc8 47.Nxb5 Nxb5 48.Rxb5 Rxe4 49.Rb6 Re3+ 50.Kf2 Rc3 51.Rxd6 Rxc2+
52.Ke3 Rb2 53.b5 Rxb5 54.Rc6+ Kd7 55.Ke4 Rb1 56.Kxe5 Re1+ 57.Kd4 Rh1 58.Rxc4 Rxh4+
59.Kc5 Rh1 60.Ra4 Rc1+ 61.Kd4 Rd1+ 62.Ke5 Re1+ 63.Kf6 Rf1+ 64.Kg7 Rh1 65.Ra7+ Kd6
66.Ra6+ Kd7 67.Kf6 Rf1+ 68.Ke5 Re1+ 69.Kf4 Rf1+ 70.Ke3 Re1+  1/2-1/2

[Event "World op"]
[Site "Philadelphia"]
[Date "1995.??.??"]
[Round "7"]
[White "Rogers, Norman"]
[Black "Ibragimov, Ildar"]
[Result "0-1"]
[WhiteElo "2265"]
[BlackElo "2520"]

1.e4 c5 2.Nf3 d6 3.d4 cxd4 4.Nxd4 Nf6 5.Nc3 Nc6 6.Bc4 Bd7 7.Bb3 g6 8.Bg5 Bg7
9.Qd2 h6 10.Bxf6 Bxf6 11.Nde2 Bg7 12.O-O-O Na5 13.h4 h5 14.Kb1 Nxb3 15.axb3 a5
16.f4 a4 17.bxa4 b5 18.e5 O-O 19.exd6 Bg4 20.Rhe1 exd6 21.Qxd6 Qa5 22.b4 Qa7
23.a5 Rfe8 24.Nxb5 Qb7 25.Qd5 Qxd5 26.Rxd5 Rxe2 27.Rxe2 Bxe2 28.Nc7 Rc8 29.Rd2 Rxc7
30.Rxe2 Rc4 31.Re8+ Bf8 32.c3 Rxc3 33.a6 Ra3 34.b5 Kg7 35.Kb2 Ra5 36.Kc3 Bc5
37.Kc4 Bf2 38.Kb4 Ra2 39.Ra8 Bxh4 40.Kc5 Bf2+ 41.Kc6 Rc2+ 42.Kd7 h4 43.Rb8 Rd2+
44.Kc6 Kf6 45.Kb7 Rb2 46.a7 Bxa7 47.Kxa7 Ra2+ 48.Kb7 Rxg2 49.Rh8 Rg4 50.b6 Rxf4
51.Kc6 g5 52.b7 Rb4 53.b8=Q Rxb8 54.Rxb8 g4 55.Kd5 Kf5 56.Kd4 Kf4 57.Rb1 g3
58.Rf1+ Kg4 59.Rxf7 g2 60.Rg7+ Kf3 61.Rf7+ Kg3 62.Rg7+ Kh2  0-1

[Event "World op"]
[Site "Philadelphia"]
[Date "1995.??.??"]
[Round "8"]
[White "Ibragimov, Ildar"]
[Black "Dunne, Alex"]
[Result "1-0"]
[WhiteElo "2580"]
[BlackElo "2285"]

1.d4 f5 2.g3 Nf6 3.Bg2 g6 4.Nf3 Bg7 5.O-O O-O 6.c4 d6 7.Nc3 Qe8 8.Re1 Nc6
9.d5 Na5 10.Nd2 c5 11.Qc2 a6 12.a3 b5 13.cxb5 axb5 14.b4 Nb7 15.Bb2 Rb8 16.e4 fxe4
17.Ncxe4 Bf5 18.Nxf6+ exf6 19.Be4 Bxe4 20.Rxe4 Qf7 21.Re6 Rbc8 22.Rc1 Rfe8
23.Qb3 cxb4 24.Rxc8 Rxc8 25.axb4 Re8 26.Ne4 Re7 27.Nxf6+ Kh8 28.Ne4 Rxe6
29.dxe6 Qe7 30.Bxg7+ Kxg7 31.Qc3+ Kg8 32.Nf6+ Kf8 33.Nxh7+  1-0

[Event "St Petersburg op"]
[Site "St Petersburg"]
[Date "1995.??.??"]
[Round "3"]
[White "Bakhrakh, Victor"]
[Black "Ibragimov, Ildar"]
[Result "0-1"]
[WhiteElo "2215"]
[BlackElo "2520"]

1.e4 d6 2.d4 Nf6 3.Nc3 g6 4.f3 c6 5.Be3 Qb6 6.Rb1 Nbd7 7.Qd2 Qc7 8.Nge2 e5
9.Bh6 b5 10.Bxf8 Nxf8 11.a3 a6 12.Rd1 Bb7 13.g3 c5 14.dxe5 dxe5 15.Bh3 Rd8
16.Qxd8+ Qxd8 17.Rxd8+ Kxd8 18.Kf2 Ke7 19.Rd1 Ne6 20.Nd5+ Bxd5 21.exd5 Rd8
22.Bxe6 fxe6 23.d6+ Rxd6 24.Nc3 Rxd1 25.Nxd1 e4 26.f4 Ng4+ 27.Ke2 Kd6 28.h3 Nf6
29.c4 e5 30.Ke3 exf4+ 31.gxf4 bxc4 32.Nc3 Ke6 33.Nxe4 Nxe4 34.Kxe4 a5 35.a4 h6
36.Kf3 Kd5 37.Ke3 c3 38.bxc3 Kc4 39.Kd2 Kb3 40.Kd3 Kxa4  0-1

[Event "St Petersburg op"]
[Site "St Petersburg"]
[Date "1995.??.??"]
[Round "4"]
[White "Serper, Grigory"]
[Black "Ibragimov, Ildar"]
[Result "1/2-1/2"]
[WhiteElo "2585"]
[BlackElo "2520"]

1.c4 Nf6 2.Nc3 g6 3.e4 d6 4.d4 Bg7 5.Be2 O-O 6.Be3 Nbd7 7.Nf3 c5 8.O-O a6
9.h3 cxd4 10.Nxd4 e6 11.Nb3 Qc7 12.Bf4 Ne5 13.Rc1 b6 14.Qd4 Bb7 15.Qe3 Rfd8
16.Bg5 Re8 17.Rfd1 Rac8 18.Bf1 Nfd7 19.Bh6 Bxh6 20.Qxh6 Nc5 21.Rd4 Nc6 22.Rd2 Nxb3
23.axb3 Na5 24.Rcd1 Red8 25.Qf4 d5 26.Qxc7 Rxc7 27.cxd5 Nxb3 28.Rd3 Nc5 29.Re3 exd5
30.b4 Ne6 31.Nxd5 Bxd5 32.exd5 Rcd7 33.Bxa6 Rxd5 34.Rxd5 Rxd5 35.Bc4 Rd1+
36.Kh2 Rd4 37.Bxe6 fxe6 38.Rxe6 Rxb4 39.Re7 Rb3 40.Rb7 b5 41.h4 b4 42.f3 Rb2
43.Kh3 b3 44.Kg3 h6 45.Kh3 Rb1 46.Kg4 b2 47.Kf4 Kf8  1/2-1/2

[Event "St Petersburg op"]
[Site "St Petersburg"]
[Date "1995.??.??"]
[Round "5"]
[White "Ibragimov, Ildar"]
[Black "Malaniuk, Vladimir P"]
[Result "1-0"]
[WhiteElo "2520"]
[BlackElo "2615"]

1.d4 f5 2.g3 Nf6 3.Bg2 d6 4.Nf3 g6 5.O-O Bg7 6.c4 O-O 7.Nc3 Qe8 8.Re1 Qf7
9.b3 Ne4 10.Bb2 Nc6 11.e3 e5 12.d5 Nxc3 13.Bxc3 Nd8 14.c5 Qe7 15.cxd6 cxd6
16.Nd2 Nf7 17.f4 Bd7 18.Rc1 Rac8 19.Nc4 Rc7 20.Qd2 Rfc8 21.a4 e4 22.Bf1 Be8
23.Bd4 Bxd4 24.Qxd4 b6 25.Qb2 Nd8 26.a5 b5 27.Na3 a6 28.Nc2 Qg7 29.Nd4 Rc5
30.b4 R5c7 31.Red1 Qd7 32.Rxc7 Rxc7 33.g4 fxg4 34.Qg2 Bf7 35.Qxe4 Rc3 36.f5 Qe8
37.Ne6 Bxe6 38.fxe6 Qe7 39.Qd4 Rc2 40.Qxg4 Qf6 41.Qf4 Kg7  1-0

[Event "St Petersburg op"]
[Site "St Petersburg"]
[Date "1995.??.??"]
[Round "7"]
[White "Shushpanov, Vladimir"]
[Black "Ibragimov, Ildar"]
[Result "0-1"]
[WhiteElo "2375"]
[BlackElo "2520"]

1.d4 d5 2.c4 dxc4 3.Nf3 Nf6 4.e3 e6 5.Bxc4 c5 6.O-O a6 7.a4 Nc6 8.Nc3 Be7
9.d5 exd5 10.Nxd5 Nxd5 11.Bxd5 Nb4 12.Bc4 O-O 13.Bd2 Bf6 14.Bxb4 cxb4 15.Nd4 Bd7
16.Qb3 Qe7 17.Rac1 Rfd8 18.h3 g6 19.Rfd1 Rac8 20.Rc2 Kg7 21.Rdc1 Bxd4 22.exd4 Bf5
23.Bd3 Be6 24.Bc4 Bf5 25.Bd3 Rxc2 26.Rxc2 Rxd4 27.Bxf5 Qe1+ 28.Kh2 Qe5+ 29.Qg3 Qxf5
30.Re2 Qf6 31.Qc7 b6 32.Rc2 Rd6 33.Qb7 a5 34.g3 h5 35.h4 Qf5 36.Re2 Qd5 37.Re7 Qxb7
38.Rxb7 Rd2 39.Rxb6 Rxb2 40.Rb5 Rxf2+ 41.Kh3 Rf5 42.Rb6 Kf8 43.Rb7 Ke8 44.Ra7 Kd8
45.Rb7 Kc8 46.Re7 b3 47.Re3 b2  0-1

[Event "St Petersburg op"]
[Site "St Petersburg"]
[Date "1995.??.??"]
[Round "8"]
[White "Ibragimov, Ildar"]
[Black "Nepomnishay, Mikhail I"]
[Result "1-0"]
[WhiteElo "2520"]
[BlackElo "2410"]

1.d4 Nf6 2.c4 e6 3.Nc3 c5 4.d5 exd5 5.cxd5 d6 6.e4 g6 7.Nf3 Bg7 8.h3 O-O
9.Bd3 b5 10.Bxb5 Nxe4 11.Nxe4 Qa5+ 12.Nfd2 Qxb5 13.Nxd6 Qa6 14.N2c4 Nd7 15.O-O Nb6
16.Nxb6 Qxb6 17.Nxc8 Raxc8 18.Rb1 Qd6 19.Bg5 h6 20.Be3 Rfd8 21.Qa4 Qxd5 22.Qxa7 c4
23.Qa4 Ra8 24.Qc2 Rxa2 25.Rfd1 Qa8 26.Rxd8+ Qxd8 27.Qxc4 Rxb2 28.Rxb2 Bxb2
29.Bxh6 Bd4 30.Qe2 Qf6 31.Qe8+ Kh7 32.Be3 Bxe3 33.Qxe3 Kg7 34.Qe4 Qa1+ 35.Kh2 Qb2
36.Qe3 Qc2 37.Qe5+ Kg8 38.Qf4 Qe2 39.h4 Kg7 40.Qd4+ Kg8 41.Qe3 Qg4 42.Qg5 Qd1
43.Qf6 Qd2 44.f3 Kf8 45.Qh8+ Ke7 46.Qe5+ Kf8 47.Kg3 Kg8 48.h5 gxh5 49.Qxh5 Qe3
50.Qd5 Qe2 51.Qe4 Qd2 52.Qe5 Qd3 53.Kh4 Qf1 54.Qg5+ Kf8 55.Qd8+ Kg7 56.Qd4+ Kg8
57.Qd2 Kg7 58.f4 f6 59.Kg4 Qb5 60.Qe3 Qd5 61.Qf3 Qc4 62.Kh4 Qc1 63.Qg4+ Kf7
64.Qd7+ Kg6 65.Qd3+ Kg7 66.Qd7+ Kg6 67.Qg4+ Kf7 68.Kh5 Qh1+ 69.Qh3 Qf1 70.Qd7+ Kf8
71.Qd8+ Kf7 72.Qd5+ Kg7 73.Qb7+ Kh8 74.Kg6 Qd3+ 75.Kh6  1-0

[Event "Szekszard op "]
[Site "Szekszard"]
[Date "1995.??.??"]
[Round "?"]
[White "Taborov, Boris"]
[Black "Ibragimov, Ildar"]
[Result "0-1"]
[WhiteElo "2385"]
[BlackElo "2580"]

1.e4 e5 2.Nf3 Nc6 3.Bb5 a6 4.Ba4 Nf6 5.O-O Be7 6.Re1 b5 7.Bb3 d6 8.c3 O-O
9.h3 Re8 10.Ng5 Rf8 11.Nf3 Na5 12.Bc2 c5 13.d4 Bb7 14.Nbd2 cxd4 15.cxd4 exd4
16.Nxd4 Re8 17.Nf1 Bf8 18.Ng3 g6 19.b3 Bg7 20.Bg5 Nc6 21.Nxc6 Bxc6 22.Qd2 Qc7
23.Rac1 Nd7 24.b4 Ne5 25.Bb3 Nc4 26.Bxc4 bxc4 27.Rxc4 Qd7 28.Rec1 Bb5 29.Rc7 Qe6
30.Bh6 Bf6 31.Be3 h5 32.Bd4 h4 33.Nf1 Bxd4 34.Qxd4 Qxe4 35.Qxd6 Kg7 36.Nd2 Qe6
37.Qxe6 Rxe6 38.Nf3 Rd8 39.Ng5 Rf6 40.Ne4 Re6 41.f3 Re5 42.Kf2 Red5 43.Ra7 R8d7
44.Rcc7 Rxc7 45.Rxc7 Rd4 46.a3 Rd3  0-1

[Event "Szekszard op "]
[Site "Szekszard"]
[Date "1995.??.??"]
[Round "?"]
[White "Horvath, Sandor"]
[Black "Ibragimov, Ildar"]
[Result "0-1"]
[WhiteElo "2160"]
[BlackElo "2580"]

1.c4 e5 2.Nc3 d6 3.g3 f5 4.d3 Nf6 5.Bg2 Be7 6.e4 c6 7.Nge2 O-O 8.O-O Na6
9.h3 Qe8 10.Be3 Qh5 11.Nc1 f4 12.gxf4 exf4 13.Bxf4 Bxh3 14.Qxh5 Nxh5 15.Bxh3 Nxf4
16.Kh2 Nb4 17.f3 Bf6 18.N3e2 Nbxd3 19.Nxd3 Nxd3 20.Rab1 Be5+ 21.Kg1 Rf6 22.Bg2 Raf8
23.Rfd1 Nxb2 24.Rdc1 Nd3 25.Rd1 Nc5 26.Nd4 Bxd4+ 27.Rxd4 Kf7 28.f4 Rxf4 29.Rxd6 Ke7
30.Rd2 g5 31.Re2 h5 32.Re3 a5 33.Rbe1 g4 34.Bf1 h4 35.Be2 g3 36.Kg2 Rf2+
37.Kh3 Rh2+ 38.Kg4 Rg8+  0-1

[Event "Szekszard op "]
[Site "Szekszard"]
[Date "1995.??.??"]
[Round "?"]
[White "Monda, Laszlo"]
[Black "Ibragimov, Ildar"]
[Result "0-1"]
[WhiteElo "2185"]
[BlackElo "2580"]

1.d4 d5 2.Nf3 Nf6 3.Bg5 Nbd7 4.Nbd2 h6 5.Bh4 e6 6.e3 Be7 7.Bd3 O-O 8.O-O b6
9.Qe2 c5 10.Ba6 Qc7 11.Bg3 Bd6 12.Bxd6 Qxd6 13.Bxc8 Raxc8 14.c3 e5 15.dxe5 Nxe5
16.Nxe5 Qxe5 17.Rfd1 Rfe8 18.Qa6 Qc7 19.Nf3 Re4 20.a4 Rb8 21.Rd2 Qb7 22.Qb5 a6
23.Qb3 Qc6 24.h3 Rbe8 25.Qd1 a5 26.Qb3 R8e7 27.Qd1 Rd7 28.b3 Re8 29.c4 Qe6
30.Qc2 dxc4 31.bxc4 Rxd2 32.Nxd2 Rd8 33.Rb1 Rd6 34.Rb2 Qd7 35.Kh2 Re6 36.Kg1 Qc6
37.Rb1 Qd7 38.Rb2 Ne8 39.Ne4 Nd6 40.Nxd6 Rxd6 41.Kh2 g6 42.Qb3 h5 43.e4 Qe6
44.Qg3 Kg7 45.Re2 Rd4 46.f4 Qxc4 47.Qf3 Rd3 48.Qf2 Qd4 49.Qh4 Rd1 50.Re1 Rxe1
51.Qxe1 c4 52.f5 c3 53.fxg6 fxg6 54.e5 Qf4+  0-1

[Event "Szekszard op "]
[Site "Szekszard"]
[Date "1995.??.??"]
[Round "?"]
[White "Ibragimov, Ildar"]
[Black "Horvath, Julia"]
[Result "0-1"]
[WhiteElo "2580"]
[BlackElo "2295"]

1.d4 f5 2.g3 Nf6 3.Bg2 g6 4.Nf3 Bg7 5.O-O O-O 6.c4 d6 7.Nc3 Nc6 8.d5 Ne5
9.Nxe5 dxe5 10.Qb3 Kh8 11.Rd1 a6 12.c5 Rb8 13.Bg5 h6 14.Bxf6 Rxf6 15.Qc4 b5
16.Qb4 Bd7 17.a3 g5 18.Rac1 Be8 19.Qa5 Bh5 20.Rd2 e4 21.Na2 Be8 22.Nb4 Ra8
23.e3 h5 24.Rcd1 Qc8 25.Rc2 Qd8 26.f3 f4 27.exf4 gxf4 28.fxe4 fxg3 29.e5 Rg6
30.d6 Bxe5 31.d7 Bxd7 32.c6 gxh2+ 33.Kh1 Bxc6 34.Rxd8+ Rxd8 35.Nd3 Rxg2  0-1

[Event "Szekszard op "]
[Site "Szekszard"]
[Date "1995.??.??"]
[Round "?"]
[White "Ibragimov, Ildar"]
[Black "Meszaros, Gyorgy"]
[Result "1-0"]
[WhiteElo "2580"]
[BlackElo "2225"]

1.d4 d5 2.Nf3 Bf5 3.c4 e6 4.Nc3 c6 5.Bf4 Nd7 6.e3 Ngf6 7.Be2 Be7 8.h3 Ne4
9.O-O O-O 10.Qb3 Qb6 11.c5 Qxb3 12.axb3 a6 13.b4 h6 14.Nxe4 Bxe4 15.Nd2 Nf6
16.Nb3 Rad8 17.b5 axb5 18.Ra7 Rd7 19.Na5 Bd8 20.Nxb7 Bc2 21.Bxb5 cxb5 22.Rc1 Bd3
23.c6 Rc7 24.Ra8 Bc4 25.Nxd8 Rxc6 26.b3 b4 27.bxc4 Rxc4 28.Rb1 Ne4 29.f3 Nc3
30.Rb2 Re8 31.Bd6 Nd1 32.Rxb4 Rc1 33.Rbb8 Kh7 34.Nxf7 Nxe3+ 35.Kf2 Rxb8 36.Rxb8 Nf5
37.Rh8+ Kg6 38.Ne5+ Kg5 39.f4+  1-0

[Event "Biel op MTO"]
[Site "Biel"]
[Date "1996.??.??"]
[Round "2"]
[White "Jaracz, Pawel"]
[Black "Ibragimov, Ildar"]
[Result "1-0"]
[WhiteElo "2395"]
[BlackElo "2545"]

1.e4 e5 2.Nf3 Nc6 3.Bc4 Bc5 4.O-O Nf6 5.d3 d6 6.c3 O-O 7.Nbd2 a6 8.Bb3 Ba7
9.h3 Ne7 10.Re1 Ng6 11.d4 b5 12.Nf1 Bb7 13.Ng3 exd4 14.cxd4 d5 15.e5 Ne4
16.Bc2 Nxg3 17.fxg3 c5 18.e6 Qd6 19.Ng5 Qxg3 20.exf7+ Rxf7 21.Bxg6 hxg6 22.Nxf7 Kxf7
23.Bf4 Qxf4 24.Rf1 Qf6 25.Qg4 Bc8 26.Rxf6+ gxf6 27.Qh4 cxd4 28.Qh7+ Kf8 29.Qxg6 d3+
30.Kh1 Bd4 31.Qxd3 Be5 32.Qxd5 Rb8 33.Re1 Bb7 34.Qc5+  1-0

[Event "Bled op"]
[Site "Bled"]
[Date "1996.??.??"]
[Round "1"]
[White "Vospernik, Zdravko"]
[Black "Ibragimov, Ildar"]
[Result "0-1"]
[WhiteElo "2285"]
[BlackElo "2575"]

1.Nf3 d5 2.e3 Nf6 3.c4 e6 4.b3 Be7 5.Bb2 O-O 6.d4 b6 7.Bd3 Bb7 8.Nbd2 Nbd7
9.O-O Ne4 10.Qe2 a6 11.Rfd1 f5 12.Ne5 Nxe5 13.dxe5 Qe8 14.Rac1 c6 15.Nf3 Qg6
16.Ne1 a5 17.f3 Nc5 18.Bb1 Ba6 19.Nd3 Rad8 20.Bd4 Nxd3 21.Bxd3 c5 22.Bc3 d4
23.Be1 dxe3 24.Qxe3 Bb7 25.Bf1 Rd4 26.Qe2 Bg5 27.Rc3 Rfd8 28.Rcd3 Be7 29.Bf2 Rxd3
30.Rxd3 Bc6 31.Qd2 Rxd3 32.Qxd3 Qg5 33.Be1 Qc1 34.Qc3 Qb1 35.a4 Bg5 36.Bd2 h6
37.Bxg5 hxg5 38.Qe3 Qb2 39.g3 g4 40.fxg4 fxg4 41.Be2 Qa1+ 42.Kf2 Qb2 43.Ke1 Qb1+
44.Kd2 Be4 45.Bxg4 Qb2+ 46.Ke1 Qxe5 47.Bf3 Qa1+ 48.Kf2 Qb2+ 49.Kf1 Qb1+ 50.Kf2 Qc2+
51.Kg1 Bf5 52.h4 Qb1+ 53.Kf2 Qb2+ 54.Ke1 Qd4 55.Qg5 Bc2 56.Bg4 Qe4+ 57.Kf2 Kf7
58.Bh5+ g6 59.Bf3 Qd4+ 60.Kg2 Bxb3 61.h5 Bc2 62.hxg6+ Bxg6 63.Bh5 Bxh5 64.Qxh5+ Kf6
65.Qh6+ Ke7 66.Qh7+ Kd6 67.Qb7 Qb2+ 68.Kh3 Qh8+ 69.Kg4 Qd8 70.Kf4 Qf6+ 71.Kg4 Qd4+
72.Kh5 Qxc4 73.Qxb6+ Ke5 74.Qc7+ Ke4 75.g4 Kf3  0-1

[Event "Bled op"]
[Site "Bled"]
[Date "1996.??.??"]
[Round "5"]
[White "Sveshnikov, Evgeny"]
[Black "Ibragimov, Ildar"]
[Result "0-1"]
[WhiteElo "2565"]
[BlackElo "2575"]

1.e4 d6 2.d4 Nf6 3.Nc3 g6 4.Be3 c6 5.h3 Bg7 6.f4 O-O 7.Nf3 Nbd7 8.e5 dxe5
9.dxe5 Nd5 10.Nxd5 cxd5 11.Bd3 b6 12.O-O Nc5 13.b4 Nxd3 14.cxd3 f6 15.Bd4 Bf5
16.g4 Be6 17.Qe2 Qd7 18.Rae1 f5 19.g5 Rfc8 20.Rc1 Rxc1 21.Rxc1 Rc8 22.Rxc8+ Qxc8
23.Qb2 Bd7 24.b5 e6 25.a4 Bf8 26.Kf2 a6 27.Bxb6 axb5 28.axb5 Qb7 29.Qd4 Qc8
30.Qa4 Qc3 31.d4 Qb2+ 32.Kg1 Bxb5 33.Qa8 Qb1+ 34.Kh2 Qb2+ 35.Kg1 Qc1+ 36.Kg2 Qf1+
37.Kg3 Be2 38.Nh4 Qe1+ 39.Kg2 Bf1+ 40.Kg1 Bxh3+ 41.Kh2 Qxh4 42.Bc5 Bg4+ 43.Kg2 Qh3+
44.Kf2 Qf3+ 45.Kg1 Qe3+ 46.Kg2 Bf3+  0-1

[Event "Bled op"]
[Site "Bled"]
[Date "1996.??.??"]
[Round "9"]
[White "Pavasovic, Dusko"]
[Black "Ibragimov, Ildar"]
[Result "1/2-1/2"]
[WhiteElo "2425"]
[BlackElo "2575"]

1.e4 e5 2.Nf3 Nc6 3.d4 exd4 4.Nxd4 Bc5 5.Be3 Qf6 6.c3 Nge7 7.Bc4 Ne5 8.Be2 Qg6
9.O-O d6 10.f3 O-O 11.Nd2 Bb6 12.Nc4 Nxc4 13.Bxc4 Kh8 14.Qd2 f5 15.Rae1 fxe4
16.fxe4 Bd7 17.Rf2 Ng8 18.Bd3 Rxf2 19.Qxf2 Re8 20.Bc2 Qh5 21.Nf5 Nf6 22.Bxb6 axb6
23.h3 Re5 24.Qg3 Bxf5 25.exf5 Qe8 26.Rxe5 dxe5 27.Bb3 Qe7 28.Qe3 h6 29.g4 g5
30.fxg6 Kg7 31.g5 hxg5 32.Qxg5 Qc5+ 33.Kg2 Qc6+ 34.Kh2 Qe4 35.Qg2 Qf4+ 36.Qg3 Qf5
37.Qg2 Ne4 38.Bc2 Qf4+ 39.Kg1 Ng5 40.Qg4 Qe3+ 41.Kg2 Qd2+ 42.Kg3 Qe1+ 43.Kg2 Qd2+
44.Kg3 Qe3+ 45.Kg2 Qd2+  1/2-1/2

[Event "RUS-ch"]
[Site "Elista"]
[Date "1996.??.??"]
[Round "2"]
[White "Ibragimov, Ildar"]
[Black "Skvortsov, A."]
[Result "1-0"]
[WhiteElo "2545"]
[BlackElo "2350"]

1.c4 Nf6 2.Nc3 e5 3.g3 Bb4 4.Bg2 O-O 5.Nf3 Re8 6.O-O e4 7.Nd4 Nc6 8.Nc2 Bxc3
9.dxc3 h6 10.Ne3 d6 11.Qc2 Nb8 12.f4 exf3 13.exf3 c6 14.Bd2 Qb6 15.Rae1 Be6
16.Kh1 Nbd7 17.f4 Qa6 18.b3 Nc5 19.h3 Rad8 20.f5 Bc8 21.Ng4 Nxg4 22.hxg4 f6
23.Bf4 d5 24.Bc7 dxc4 25.Bxd8 Rxd8 26.Rd1 Rf8 27.Qe2 Nd3 28.bxc4 Ne5 29.Rf4 Qa5
30.Qd2 Bd7 31.Qb2 Qc7 32.c5 Rf7 33.Qa3 Qb8 34.Rfd4 Kh7 35.Qa4 Re7 36.Rd6 Qe8
37.Qd4 Qf7 38.c4 Qe8 39.Re1 Qf7 40.Rxe5 fxe5 41.Qd3 Kg8 42.Be4 Be8 43.Qc3 Kf8
44.Kg1 Kg8 45.a4 Bd7 46.a5 a6 47.Kg2 Be8 48.Kf2 Bd7 49.Ke3 h5 50.g5 Re8 51.Qd3 Bxf5
52.Bxf5 e4 53.Bxe4 Qf5 54.Qd4 Qxg5+ 55.Kf2 Rf8+ 56.Kg2 Qc1 57.Rd8 Qf1+ 58.Kh2 h4
59.Rxf8+ Qxf8 60.gxh4 Qf4+ 61.Kh3 Qf1+ 62.Kg4 Qe2+ 63.Kg5  1-0

[Event "RUS-ch"]
[Site "Elista"]
[Date "1996.??.??"]
[Round "11"]
[White "Sakaev, Konstantin"]
[Black "Ibragimov, Ildar"]
[Result "1/2-1/2"]
[WhiteElo "2600"]
[BlackElo "2545"]

1.d4 d5 2.Nf3 Nf6 3.c4 dxc4 4.Nc3 a6 5.e4 b5 6.e5 Nd5 7.a4 e6 8.axb5 Bb4
9.Qc2 Nb6 10.Be2 Bb7 11.bxa6 Nxa6 12.O-O  1/2-1/2

[Event "Graz op"]
[Site "Graz"]
[Date "1996.??.??"]
[Round "?"]
[White "Balinov, Ilija"]
[Black "Ibragimov, Ildar"]
[Result "0-1"]
[WhiteElo "2360"]
[BlackElo "2575"]

1.e4 e5 2.Nf3 Nc6 3.d4 exd4 4.Nxd4 Bc5 5.Nxc6 Qf6 6.Qd2 dxc6 7.Qf4 Qe7 8.Bd3 Nf6
9.Nc3 Ng4 10.Nd1 Bd6 11.Qg5 f6 12.Qh5+ g6 13.Qh4 h5 14.f4 Bf5 15.O-O Bc5+
16.Kh1 Bxe4 17.Bxe4 Qxe4 18.Re1 O-O-O 19.Rxe4 Rxd1+ 20.Re1 Rxe1+ 21.Qxe1 Nf2+
22.Kg1 Nd3+ 23.Be3 Nxe1 24.Bxc5 Re8 25.Kf2 Nxc2 26.Rc1 b6 27.Rxc2 bxc5 28.Rxc5 Kb7
29.h4 Kb6 30.Rc3 Re4 31.Rg3 Rxf4+ 32.Ke3 Rxh4 33.Rxg6 Rh2 34.Kd3 h4 35.Ke4 h3
36.gxh3 Rxb2 37.Rxf6 Rxa2 38.Rf3 a5 39.Rb3+ Kc5 40.Rc3+ Kb5 41.Rb3+ Kc4 42.Rb7 Rh2
43.Rxc7 c5 44.Ra7 Rxh3 45.Rxa5 Kb4 46.Ra1 c4  0-1

[Event "Graz op"]
[Site "Graz"]
[Date "1996.??.??"]
[Round "?"]
[White "Ibragimov, Ildar"]
[Black "Stanec, Nikolaus"]
[Result "0-1"]
[WhiteElo "2575"]
[BlackElo "2490"]

1.d4 Nf6 2.c4 g6 3.Nc3 Bg7 4.e4 d6 5.Bg5 O-O 6.Qd2 c5 7.d5 e6 8.Bd3 exd5
9.Nxd5 Be6 10.Ne2 Bxd5 11.cxd5 Nbd7 12.Nc3 a6 13.a4 Qa5 14.O-O Qb4 15.a5 b5
16.axb6 Nxb6 17.Qc2 c4 18.Be2 Nfd7 19.Bd2 Rfe8 20.Rfb1 Nc5 21.Ra3 Nb3 22.Be1 Qc5
23.Qd1 Qd4 24.Qc2 Qc5 25.Na4 Nd4 26.Qd1 Nxa4 27.Rxa4 c3 28.Rc1 Nxe2+ 29.Qxe2 cxb2
30.Rb1 Qc1 31.Qd3 Rac8  0-1

[Event "Graz op"]
[Site "Graz"]
[Date "1996.??.??"]
[Round "?"]
[White "Ibragimov, Ildar"]
[Black "Simic, Dragan"]
[Result "1-0"]
[WhiteElo "2575"]
[BlackElo "2330"]

1.d4 d5 2.c4 c6 3.Nc3 Nf6 4.e3 a6 5.b3 Bf5 6.Nge2 e6 7.Bb2 Nbd7 8.Ng3 Bg6
9.Be2 Be7 10.O-O h5 11.f3 h4 12.Nh1 Qc7 13.Nf2 Bd6 14.f4 Bb4 15.Nd3 Bxd3
16.Bxd3 g6 17.a3 Bd6 18.c5 Be7 19.b4 Nh5 20.a4 f5 21.b5 axb5 22.axb5 Kf7
23.b6 Qd8 24.Qc2 Ndf6 25.Ra7 Rb8 26.Nd1 Qg8 27.Nf2 g5 28.fxg5 Qxg5 29.Bc1 Rhg8
30.Nh3 Qg4 31.Kh1 Ne4 32.Bxe4 dxe4 33.Qf2 Kg6 34.Bd2 Rg7 35.Rfa1 Bf6 36.Qf1 Rh8
37.Qd1 Qxd1+ 38.Rxd1 Rhg8 39.Be1 Kh6 40.Bf2 Kh7 41.Rf1 Kh6 42.Rg1 Re7 43.Rf1 Rd8
44.Be1 Rdd7 45.g4 hxg3 46.Bxg3 Nxg3+ 47.hxg3 Bg5 48.Ra3 Kg6 49.Nxg5 Kxg5
50.Ra8 Rg7 51.Kg2 Kf6 52.Rf8+ Ke7 53.Rh8 Kf6 54.Rfh1 e5 55.R1h6+ Ke7 56.dxe5 Rd2+
57.Kf1 Rd7 58.Rb8 Rxg3 59.Rh7+ Ke6 60.Re8+  1-0

[Event "Graz op"]
[Site "Graz"]
[Date "1996.??.??"]
[Round "?"]
[White "Ibragimov, Ildar"]
[Black "Kock, Hans Uwe"]
[Result "1-0"]
[WhiteElo "2575"]
[BlackElo "2235"]

1.d4 c5 2.d5 e5 3.dxe6 fxe6 4.e4 Nc6 5.Nc3 Nf6 6.Bg5 d6 7.Nf3 Be7 8.e5 dxe5
9.Qxd8+ Bxd8 10.O-O-O O-O 11.Bb5 Bc7 12.Bxc6 bxc6 13.Be3 Nd5 14.Bxc5 Nxc3
15.bxc3 Rf4 16.Rhe1 Rc4 17.Bd6 Bb6 18.Bxe5 Ba6 19.Rd7 Rg4 20.Bg3 Bc4 21.Ne5 Rxg3
22.fxg3 Bxa2 23.c4 Ba5 24.Re3 Rb8 25.c3 h6 26.Nxc6 Rb1+ 27.Kc2 Bb6 28.Re5 Rg1
29.c5 Rxg2+ 30.Kd3  1-0

[Event "Graz op"]
[Site "Graz"]
[Date "1996.??.??"]
[Round "?"]
[White "Ibragimov, Ildar"]
[Black "Freitag, Manfred"]
[Result "1/2-1/2"]
[WhiteElo "2575"]
[BlackElo "2305"]

1.d4 Nf6 2.c4 g6 3.Nc3 Bg7 4.e4 d6 5.f3 O-O 6.Be3 e5 7.d5 Nh5 8.Qd2 f5 9.O-O-O Nd7
10.Bd3 Ndf6 11.Nge2 fxe4 12.Nxe4 Nxe4 13.Bxe4 Nf6 14.Bc2 Bd7 15.Ng3 Qe8 16.Kb1 b6
17.h4 Nh5 18.Ne4 Bf5 19.Ng5 Ng3 20.Rhe1 Bh6 21.Bxf5 Nxf5 22.Bf2 Qd8 23.Re4 Bxg5
24.hxg5 Ng7 25.Be3 Nf5 26.Bf2 Ng7 27.Rh1 Rf7 28.Rh3 Qd7 29.Qc2 Raf8 30.Be3 Nf5
31.Bc1 b5 32.Qd3 bxc4 33.Rxc4 Qb5 34.Rh1 Rb8 35.Rd1 Ne3 36.Qxe3 Qxc4 37.Qxa7 Qb5
38.Qf2 Qa4 39.Qe2 Rff8 40.b3 Qd7 41.Be3 Rb5 42.Qc4 Rfb8 43.Kb2 Rb4 44.Qc3 Qb5
45.Rd2 Rb7 46.Qd3 Qe8 47.Qc3 Qb5 48.Qd3 Qe8  1/2-1/2

[Event "Anibal op 3rd"]
[Site "Linares"]
[Date "1996.??.??"]
[Round "?"]
[White "Ibragimov, Ildar"]
[Black "Dimitrov, Vladimir"]
[Result "0-1"]
[WhiteElo "2575"]
[BlackElo "2495"]

1.g3 g6 2.Bg2 Bg7 3.d4 d6 4.e4 Nf6 5.Nc3 O-O 6.Nge2 e5 7.h3 b6 8.O-O Bb7
9.Re1 Re8 10.d5 c6 11.dxc6 Bxc6 12.Qd3 Bf8 13.Be3 Nbd7 14.b4 Qc7 15.Rec1 Rec8
16.g4 h6 17.a3 a6 18.Ng3 b5 19.a4 bxa4 20.Nxa4 Bb5 21.Qd2 a5 22.c4 Bxa4 23.Rxa4 axb4
24.Rxb4 Qa5 25.Rbb1 Qxd2 26.Bxd2 Nc5 27.Be3 Ra4 28.Ra1 Rca8 29.Rxa4 Rxa4
30.Bxc5 dxc5 31.Nf1 h5 32.g5 Nh7 33.h4 f6 34.f4 exf4 35.gxf6 Nxf6 36.e5 Ng4
37.Bd5+ Kg7 38.Re1 Ra2 39.Re4 f3 40.Ne3 Nf2  0-1

[Event "Anibal op 3rd"]
[Site "Linares"]
[Date "1996.??.??"]
[Round "?"]
[White "Ibragimov, Ildar"]
[Black "Komljenovic, Davor"]
[Result "1-0"]
[WhiteElo "2575"]
[BlackElo "2475"]

1.c4 e5 2.Nc3 Nf6 3.g3 c6 4.Nf3 e4 5.Nd4 d5 6.cxd5 cxd5 7.Bg2 Nc6 8.Nxc6 bxc6
9.d3 Bb4 10.O-O O-O 11.Bg5 exd3 12.Qxd3 h6 13.Be3 Bg4 14.Bd4 Re8 15.e3 Qe7
16.Rac1 Rac8 17.Na4 Nd7 18.h3 Bh5 19.Qa6 Nb8 20.Qd3 Nd7 21.f4 Bg6 22.f5 Bh7
23.g4 Bd6 24.Nc3 Bb8 25.e4 Qd6 26.Rfd1 Nc5 27.Bxc5 Qxc5+ 28.Kf1 Bh2 29.Qd4 Qd6
30.exd5 c5 31.Qf2 Bf4 32.Rc2 Be3 33.Qf3 Bd4 34.Ne4 Qa6+ 35.Qd3 Qb6 36.b4 Qxb4
37.Nd6 Re3 38.Qxd4 Qa3 39.Qf4 Rd3 40.Rxd3 Qxd3+ 41.Re2 Rb8 42.Qe4  1-0

[Event "Anibal op 3rd"]
[Site "Linares"]
[Date "1996.??.??"]
[Round "?"]
[White "Ibragimov, Ildar"]
[Black "Marinelli, Tullio"]
[Result "1-0"]
[WhiteElo "2575"]
[BlackElo "2415"]

1.d4 Nf6 2.c4 e6 3.Nc3 Bb4 4.e3 c5 5.Bd3 Nc6 6.Nf3 Bxc3+ 7.bxc3 d6 8.O-O e5
9.Nd2 O-O 10.Rb1 b6 11.h3 Re8 12.Qc2 Qd7 13.d5 Ne7 14.e4 Nh5 15.Re1 Nf4 16.Bf1 g5
17.Nf3 f6 18.Kh2 Neg6 19.Ng1 Nf8 20.g3 N4g6 21.Be2 Re7 22.Bg4 Qe8 23.Bf5 Ba6
24.Qb3 Nh8 25.Nf3 Nf7 26.h4 h6 27.Kg2 Nd8 28.Rh1 Rg7 29.hxg5 hxg5 30.Nh2 Kf7
31.Ng4 Ke7 32.Rh6 Ng6 33.Qd1 Bxc4 34.Nxf6 Kxf6 35.Qh5 Nf7 36.Bxg6 Ke7 37.Bxg5+ Kd7
38.Rh7  1-0

[Event "Ljubljana op"]
[Site "Ljubljana"]
[Date "1996.??.??"]
[Round "2"]
[White "Marinsek, Tomaz"]
[Black "Ibragimov, Ildar"]
[Result "0-1"]
[WhiteElo "2200"]
[BlackElo "2575"]

1.e4 d6 2.d4 Nf6 3.Nc3 g6 4.h3 Bg7 5.Nf3 O-O 6.Bd3 c6 7.O-O Nbd7 8.Be3 e5
9.Qd2 Re8 10.a4 a5 11.Rad1 Qc7 12.Rfe1 Nf8 13.dxe5 dxe5 14.Bf1 Ne6 15.Qd6 Qxd6
16.Rxd6 Bf8 17.Rdd1 Nc5 18.Bg5 Nfd7 19.b3 Ne6 20.Bd2 f6 21.Na2 Bc5 22.Nc1 Kf7
23.Nd3 Bb6 24.Nb2 Bc7 25.Nc4 Ndc5 26.Bc1 Rd8 27.Rxd8 Bxd8 28.Bd2 Bc7 29.Bc3 b5
30.axb5 cxb5 31.Nxa5 Rxa5 32.Bxa5 Bxa5 33.Ra1 Bb6 34.Nd2 Ng5 35.Ra8 Bb7 36.Rb8 Ba7
37.Rh8 Ncxe4 38.Nxe4 Bxe4 39.h4 Ne6 40.Rxh7+ Ng7 41.Rh8 Bd4 42.Bxb5 Nf5 43.Rc8 Nd6
44.Rc7+ Kf8 45.Ba4 Bb6 46.Rd7 Nf5 47.b4 Nd4 48.c4 Ne2+ 49.Kf1 Nc3 50.Bb3 Bd4
51.c5 Ke8 52.Rg7 Bc6 53.Bc4 Ne4 54.Ke2 Nxf2 55.b5 Bxg2 56.b6 Bxc5 57.b7 Bxb7
58.Rxb7 Nh3 59.Kf3 Nf4 60.Bb3 f5 61.Rh7 Bd6 62.Ke3 Be7 63.h5 gxh5 64.Bf7+ Kd7
65.Bxh5 Nd5+ 66.Kd3 e4+ 67.Kc4 Nf6 68.Rh8 Ke6 69.Bd1 f4 70.Ra8 f3 71.Kd4 Kf5
72.Ra7 Bd8  0-1